000 00571nam a2200217Ia 4500
005 20241216010428.0
008 180423s9999||||xx |||||||||||||| ||und||
082 _a516
_bG25
100 _aGARCIA ARDURA, MANUEL
245 0 _aPROBLEMAS GRAFICOS Y NUMERICOS DE GEOMETRIA
250 _a13
260 _aMADRID-ESPAÑA
_bARTISTICA
_c1960
300 _a345 pag
_c22 cm
341 _h0
490 _v0
_a0
505 _aGEOMETRIA-PLANA/GEOMETRIA-ESPACIO
541 _aD
_bCENTROMIN PERU
_d03-May-94
650 _aCIENCIAS PURAS
856 _zCC. Puras
942 _cLIBRO
999 _c14186
_d14186